Moviment demogràfic de Catalunya : gràfics i comentaris / Generalitat de Catalunya, Servei Central d'Estadística gràfics i comentaris / Generalitat de Catalunya, Servei Central d'Estadística
Descripción Física:
[21] p. : il. ; 16 x 22 cm
MARC
| LEADER | 00000nam a2200000Ia 4500 | ||
|---|---|---|---|
| 001 | 9270 | ||
| 008 | 160829s1935] xx 000 0 cat d | ||
| 080 | |a RF-6-67 | ||
| 100 | |a Catalunya. Servei Central d'Estadística |9 22247 | ||
| 245 | |a Moviment demogràfic de Catalunya : |b gràfics i comentaris / Generalitat de Catalunya, Servei Central d'Estadística | ||
| 260 | |a Barcelona : |b [el Servei, |c 1935] | ||
| 300 | |a [21] p. : |b il. ; |c 16 x 22 cm | ||
| 650 | |a Catalunya |x Estadístiques demogràfiques |9 24319 | ||
| 650 | 0 | |a Demografia |z Catalunya |9 16934 | |
| 856 | 4 | |u https://media.diba.cat/diba/fitxers/arxiu/fulletons/bib_9270_1935_baixa.pdf |y Accés lliure | |
| 856 | 4 | |u https://media.diba.cat/diba/fitxers/arxiu/fulletons/bib_9270_1935_baixa.pdf |y Accés lliure | |
| 901 | |a Arxiu | ||
| 942 | |n 1 |2 udc | ||
| 952 | |0 0 |1 0 |4 0 |6 RF667 |7 1 |9 45007 |a Arxiu |b Arxiu |d 2016-12-01 |l 0 |o RF-6-67 |p 9270 |r 2016-12-01 00:00:00 |w 2016-12-01 |y ARXIU | ||
| 999 | |c 47611 |d 47611 | ||
| 900 | |a bib_9270_1935_baixa.pdf | ||